<?xml version="1.0" encoding="UTF-8"?>
<collection xmlns="http://www.loc.gov/MARC21/slim">
 <record>
  <leader>00776pamaa2200181   4500</leader>
  <controlfield tag="001">0000033001</controlfield>
  <controlfield tag="005">20121219090000.0</controlfield>
  <controlfield tag="008">121219s2006                             eng  </controlfield>
  <datafield tag="020" ind1="0" ind2="0">
   <subfield code="a">9780471738084 </subfield>
  </datafield>
  <datafield tag="090" ind1="0" ind2="0">
   <subfield code="a">QD256 </subfield>
   <subfield code="b">KLE 2006</subfield>
  </datafield>
  <datafield tag="100" ind1="1" ind2="0">
   <subfield code="a">Klein </subfield>
  </datafield>
  <datafield tag="245" ind1="1" ind2="0">
   <subfield code="a">Organic chemistry II as a second language  </subfield>
   <subfield code="c">David R. Klein.</subfield>
  </datafield>
  <datafield tag="260" ind1="0" ind2="0">
   <subfield code="a">[Hoboken]: </subfield>
   <subfield code="b">Wiley, </subfield>
   <subfield code="c">2006.</subfield>
  </datafield>
  <datafield tag="300" ind1=" " ind2=" ">
   <subfield code="a">iv, 316 p.: </subfield>
   <subfield code="b">ill.; </subfield>
   <subfield code="c">23 cm.</subfield>
  </datafield>
  <datafield tag="500" ind1="0" ind2="0">
   <subfield code="a">Includes index</subfield>
  </datafield>
  <datafield tag="505" ind1="0" ind2="0">
   <subfield code="a">The skills you need -- Intro to ionic mechanisms -- Electrophilic aromatic substitution -- Nucleophilic aromatic substitution -- Ketones and aldehydes -- Carboxylic acid derivatives -- Enols and enolates -- Amines</subfield>
  </datafield>
  <datafield tag="650" ind1="0" ind2="0">
   <subfield code="a">Chemistry, Organic -- </subfield>
   <subfield code="x">Problems, exercises, etc </subfield>
  </datafield>
  <datafield tag="650" ind1="0" ind2="0">
   <subfield code="a">Chemistry, Organic -- </subfield>
   <subfield code="x">Study and teaching </subfield>
  </datafield>
 </record>
</collection>
